| 000 | 00440nam a22001457a 4500 | ||
|---|---|---|---|
| 005 | 20250930145930.0 | ||
| 020 | _a978-81-946460-1-6 | ||
| 082 | _a002:681.324KOH VIM | ||
| 100 |
_aVIMALKUMAR, V _aGOPINATHAN, Subeesh |
||
| 245 | _aUnleashing Koha: The complete library solution | ||
| 260 |
_aChanganassery _bUnity Services _c2020 |
||
| 300 | _a96p. | ||
| 650 |
_aLibrary automation _aLibrary computer applications _aKoha database |
||
| 942 | _cBK | ||
| 999 |
_c75680 _d75680 |
||